[Event "72nd Noteboomturnier Open A"]
[Site "Leiden NED"]
[Date "2012.02.18"]
[Round "4.7"]
[White "De Jong,M"]
[Black "Doggers,P"]
[Result "1-0"]
[WhiteElo "2360"]
[BlackElo "2270"]

1.e4 c5 2.Nf3 e6 3.d4 cxd4 4.Nxd4 a6 5.Nc3 Nc6 6.Nxc6 bxc6 7.Bd3 e5 8.f4 Bc5
9.Qh5 Qe7 10.fxe5 Bd4 11.Bc4 g6 12.Qf3 Bxe5 13.Bf4 d6 14.O-O-O Be6 15.Nd5 cxd5
16.exd5 Nf6 17.dxe6 O-O 18.exf7+ Kg7 19.Rhe1  1-0

[Event "US Amateur Team-ch East"]
[Site "Parsippany USA"]
[Date "2012.02.18"]
[Round "2"]
[White "Berg,Geo"]
[Black "Goletiani,R"]
[Result "1-0"]
[WhiteElo "2052"]
[BlackElo "2344"]

1.e4 c5 2.Nf3 e6 3.d4 cxd4 4.Nxd4 a6 5.Nc3 Qc7 6.Bd3 Nf6 7.O-O Be7 8.Kh1 d6
9.f4 Nbd7 10.Qe2 b5 11.a3 Bb7 12.Bd2 O-O 13.Rae1 Nc5 14.e5 Nxd3 15.exf6 Nxe1
16.fxe7 Bxg2+ 17.Kg1 Qxe7 18.Rxe1 Bb7 19.Ne4 Qc7 20.Bc3 h6 21.Nf2 Rae8 22.Qg4 f5
23.Qg6 e5 24.Ne6 Rxe6 25.Qxe6+ Kh7 26.Re3 Rf6 27.Qe8 Bc6 28.Qh5 exf4 29.Re1 Rg6+
30.Kf1 Bg2+ 31.Ke2 Qc5 32.Kd1 Qxf2 33.Qxf5 Qf3+ 34.Kc1 Bh3 35.Qf8 Qf2 36.Kb1 Rg1
37.Ka2 Bf1 38.Qf5+ Rg6 39.Re7 Bc4+ 40.b3  1-0

[Event "ch-ROU Women 2012"]
[Site "Sarata Monteoru ROU"]
[Date "2012.02.18"]
[Round "6.8"]
[White "Anton,R"]
[Black "Baciu,A"]
[Result "1/2-1/2"]
[WhiteElo "1859"]
[BlackElo "2129"]

1.e4 c5 2.Nc3 e6 3.Nf3 a6 4.d4 cxd4 5.Nxd4 d6 6.Be3 Nf6 7.g4 h6 8.Bg2 Qc7
9.h3 Bd7 10.Qe2 Nc6 11.O-O-O Be7 12.f4 Rc8 13.Qf2 O-O 14.Rhe1 b5 15.a3 Nxd4
16.Bxd4 Bc6 17.f5 Nd7 18.h4 a5 19.Qg3 b4 20.axb4 axb4 21.Ne2 e5 22.Be3  1/2-1/2

[Event "3rd Jerry Hanken FIDE Open"]
[Site "Stillwater USA"]
[Date "2012.02.18"]
[Round "1.11"]
[White "Wawrzaszek,J"]
[Black "Maldonado,Ernest R"]
[Result "1-0"]
[WhiteElo "1997"]
[BlackElo "1810"]

1.e4 c5 2.Nf3 e6 3.d4 cxd4 4.Nxd4 a6 5.Nc3 b5 6.Bd3 Bb7 7.O-O Qc7 8.Re1 d6
9.a4 b4 10.Na2 d5 11.exd5 Bxd5 12.c3 bxc3 13.Nxc3 Bb7 14.Qh5 Nf6 15.Nxe6 Nxh5
16.Nxc7+ Kd7 17.Nxa8 Bxa8 18.Bf5+ Kc7 19.Re8 Bc6 20.Rc8+ Kb7 21.b4 g6 22.Bh3 f5
23.Rd8 Kc7 24.Rd4 Bg7 25.Rc4 Kb7 26.b5 axb5 27.axb5 Be4 28.Be3  1-0

[Event "TCh-CAT 2012"]
[Site "Catalunya ESP"]
[Date "2012.02.25"]
[Round "5.10"]
[White "Reyes Lopez,D"]
[Black "Lopez Agustench,E"]
[Result "0-1"]
[WhiteElo "2018"]
[BlackElo "2220"]

1.e4 c5 2.Nf3 e6 3.d4 cxd4 4.Nxd4 a6 5.Nc3 Qc7 6.Bd3 Bc5 7.Be3 Nf6 8.Qe2 b5
9.Nb3 Bxe3 10.Qxe3 Nc6 11.Qg5 O-O 12.f4 d6 13.O-O Bb7 14.a4 b4 15.Ne2 h6
16.Qh4 Ne7 17.Ng3 Ng6 18.Qh3 d5 19.e5 Ne4 20.a5 Bc6 21.Bxe4 dxe4 22.Rae1 Bd5
23.Nxe4 Qxc2 24.Nbc5 Qxb2 25.Qe3 Nh4 26.Qf2 Qxf2+ 27.Rxf2 Rfb8 28.Nd6 Ra7
29.Rb1 Nf5 30.Rfb2 Nxd6 31.exd6 b3 32.Kf2 Rd8 33.d7 Kf8 34.Nxb3 Bxb3 35.Rxb3 Rdxd7
36.Rb6 Rd2+ 37.Kf3 Ra2 38.f5 Rxa5 39.fxe6 fxe6 40.Rxe6 Ra3+ 41.Ke4 Ra2 42.Rg6 Kf7
43.Rg3 a5 44.Kd4 a4 45.Rf1+ Kg8 46.Kc4 a3 47.Rff3 Rc2+ 48.Kb3 Rb2+ 49.Kc3 a2  0-1

[Event "TCh-CZE Liga 1 Zapad"]
[Site "Czech Rep CZE"]
[Date "2012.02.26"]
[Round "9.3"]
[White "Zezulkin,J"]
[Black "Filipi,S"]
[Result "1-0"]
[WhiteElo "2450"]
[BlackElo "2136"]

1.e4 c5 2.Nc3 e6 3.Nf3 a6 4.d4 cxd4 5.Nxd4 Qc7 6.Bd3 Bc5 7.Nb3 Be7 8.O-O Nf6
9.f4 d6 10.Qf3 Nbd7 11.Bd2 h5 12.a4 b6 13.Rae1 Bb7 14.Nd1 h4 15.Nf2 O-O-O
16.Qe2 g5 17.fxg5 Nh5 18.Bxa6 Rdg8 19.Nh3 Ne5 20.a5 d5 21.exd5 Bd6 22.Bxb7+ Kxb7
23.axb6 Qxb6+ 24.Be3 Qb4 25.Bd4 f6 26.Ra1 exd5 27.Ra7+ Kc8 28.Qa6+ Kd8 29.Bb6+  1-0

[Event "TCh-CZE Liga 1 Zapad"]
[Site "Czech Rep CZE"]
[Date "2012.02.26"]
[Round "9.5"]
[White "Stastny,J"]
[Black "Lacha,Jo"]
[Result "1-0"]
[WhiteElo "2246"]
[BlackElo "2065"]

1.e4 c5 2.Nf3 e6 3.d4 cxd4 4.Nxd4 a6 5.Nc3 Qc7 6.Be2 Nf6 7.O-O Bb4 8.Qd3 Nc6
9.Nxc6 bxc6 10.f4 d6 11.Qg3 O-O 12.e5 Nd7 13.exd6 Bxd6 14.Ne4 Be7 15.b3 f6
16.Bb2 a5 17.Rad1 a4 18.Bd3 axb3 19.axb3 Ba6 20.Qg4 Rf7 21.Qxe6 Nf8 22.Qh3 Bxd3
23.Qxd3 Ra2 24.Bd4 Ne6 25.Be3 f5 26.Nd6 Rf8 27.Qc4  1-0

[Event "32nd TCh-IND 2012"]
[Site "Panaji IND"]
[Date "2012.02.27"]
[Round "1"]
[White "Jitendra,C"]
[Black "Kunte,A"]
[Result "0-1"]
[WhiteElo "1787"]
[BlackElo "2548"]

1.e4 c5 2.Nf3 e6 3.d4 cxd4 4.Nxd4 a6 5.Nc3 Qc7 6.Be2 b5 7.a3 Bb7 8.O-O Nf6
9.Bf3 d6 10.g3 Be7 11.Bg2 O-O 12.Be3 Nbd7 13.Qe2 Ne5 14.Rad1 Nc4 15.Bc1 Nxa3
16.f4 b4 17.bxa3 bxc3 18.g4 d5 19.e5 Ne4 20.f5 Bc5 21.Bf4 Qb6 22.Be3 Nd2
23.Rxd2 cxd2 24.Qxd2 exf5 25.Rxf5 Rae8 26.c3 Bc8 27.Rg5 h6 28.Rh5 Bxg4 29.Rh4 Qg6
30.h3 Bxd4 31.cxd4 Bf3 32.Kh2 Qxg2+ 33.Qxg2 Bxg2 34.Kxg2  0-1

[Event "PriFO Champ RUS 2012"]
[Site "Tolyatti RUS"]
[Date "2012.02.28"]
[Round "1.27"]
[White "Glukhov,A2"]
[Black "Gerasimov,I"]
[Result "1/2-1/2"]
[WhiteElo "2078"]
[BlackElo "2333"]

1.e4 c5 2.Nf3 e6 3.d4 cxd4 4.Nxd4 a6 5.Nc3 b5 6.Be2 Bb7 7.O-O b4 8.Na4 Bxe4
9.Bf3 Nf6 10.Bg5 Bxf3 11.Qxf3 d5 12.Rfe1 Be7 13.Bxf6 Bxf6 14.Nxe6 fxe6 15.Rxe6+ Kf7
16.Rae1 Rf8 17.Qh5+ Kg8 18.Re8 g6 19.Rxf8+ Kxf8 20.Qxh7 Nd7 21.Re6 Bg7 22.Qxg6 Kg8
23.Rxa6 Rxa6 24.Qxa6 Qe7 25.Kf1 Kf7 26.Qb7 Nf6 27.Qxe7+ Kxe7 28.Nc5 Ng4 29.Nd3 Nxh2+
30.Ke2 Ng4 31.Nxb4 Kd6 32.Nd3 Nf6 33.f3 Nd7 34.g4 Nb6 35.f4 Na4 36.c3 Nb6
37.Ne1 Na4 38.Nd3 Nb6 39.g5 Ke6 40.Kf3 Kf5 41.Nb4 d4 42.cxd4 Bxd4 43.b3 Bc3
44.Nc2 Nd5 45.Ne3+ Nxe3 46.Kxe3 Bb2 47.g6 Bc1+ 48.Kd4 Kxg6 49.Ke5 Ba3 50.Ke6 Kg7
51.Kd5 Kf6 52.Kc4 Kf5 53.b4 Kxf4 54.Kb3 Bc1 55.a4 Ke5 56.Kc4  1/2-1/2

[Event "32nd TCh-IND 2012"]
[Site "Panaji IND"]
[Date "2012.03.01"]
[Round "5"]
[White "Kunal,M"]
[Black "Kunte,A"]
[Result "1/2-1/2"]
[WhiteElo "2288"]
[BlackElo "2548"]

1.e4 c5 2.Nf3 e6 3.d4 cxd4 4.Nxd4 a6 5.Nc3 Qc7 6.Be2 Nf6 7.O-O d6 8.a4 Be7
9.Be3 b6 10.f4 Bb7 11.Bf3 Nbd7 12.Qe1 O-O 13.Qg3 Nc5 14.f5 e5 15.Bh6 Ne8
16.Nb3 Kh8 17.Be3 Nf6 18.Nxc5 bxc5 19.Qf2 Bc6 20.Qd2 Rfb8 21.b3 Rb4 22.Bg5 Rd4
23.Qe2 h6 24.Be3 Rb4 25.Bd2 Rd4 26.Be3 Rb4 27.Bd2 Rd4  1/2-1/2

[Event "European Ind w 2012"]
[Site "Gaziantep TUR"]
[Date "2012.03.02"]
[Round "1"]
[White "Mamedjarova,T"]
[Black "Muzychuk,M"]
[Result "1/2-1/2"]
[WhiteElo "2284"]
[BlackElo "2490"]

1.e4 c5 2.Nf3 e6 3.Nc3 a6 4.d4 cxd4 5.Nxd4 Qc7 6.a3 Bc5 7.Be3 d6 8.Qd2 Nf6
9.Be2 e5 10.Nf5 Bxf5 11.exf5 Nbd7 12.O-O-O O-O-O 13.g4 h6 14.h4 Qc6 15.Rhg1 Bxe3
16.Qxe3 d5 17.Bf3 e4 18.g5 hxg5 19.hxg5 exf3 20.gxf6 Nxf6 21.Qxf3 Ne4 22.Nxe4 dxe4
23.Rxd8+ Rxd8 24.Qg4 Kb8 25.Qxg7 Qd5 26.Qg5 Ka8 27.Kb1 Rc8 28.Qf4 Qc4 29.Rc1 Qe2
30.Qe3 Qg4 31.Re1 Qxf5 32.Re2 Re8 33.f3 Qh5 34.fxe4 Qe5 35.c3 f5 36.Qd4 Qxd4
37.cxd4 fxe4 38.Kc2 Kb8 39.Kd2 Kc7 40.Ke3 Kd6 41.Rh2 Kd5 42.b3 Rg8 43.Rh5+ Kd6
44.Rh6+ Kd5 45.Rh5+ Kd6 46.Kxe4  1/2-1/2

[Event "PriFO Champ RUS 2012"]
[Site "Tolyatti RUS"]
[Date "2012.03.02"]
[Round "5.24"]
[White "Talov,N"]
[Black "Toropov,P"]
[Result "1-0"]
[WhiteElo "2080"]
[BlackElo "2302"]

1.e4 c5 2.Nf3 e6 3.d4 cxd4 4.Nxd4 a6 5.Nc3 Qc7 6.Be3 Nf6 7.Bd3 b5 8.a3 Bb7
9.Nb3 b4 10.axb4 Bxb4 11.Bd2 O-O 12.O-O Bxc3 13.Bxc3 Nxe4 14.Bxe4 Bxe4 15.Qd4 f6
16.Qxe4 Nc6 17.Rfd1 Rfe8 18.Qd3 Nb8 19.Qd6 Qc8 20.Nc5 Ra7 21.Ba5 Kf7 22.Bb6 Ra8
23.Nxd7 Qxc2 24.Rac1 Qxb2 25.Rc7 Kg8 26.Bd4 Qe2 27.Bxf6  1-0

[Event "TCh-AUT 2 Ost 2011-12"]
[Site "Bruck AUT"]
[Date "2012.03.03"]
[Round "6"]
[White "Varga,Zo"]
[Black "Papp,Ga"]
[Result "1-0"]
[WhiteElo "2474"]
[BlackElo "2551"]

1.e4 c5 2.Nf3 e6 3.d4 cxd4 4.Nxd4 a6 5.Nc3 b5 6.g3 Bb7 7.Bg2 b4 8.Na4 Nf6
9.Qe2 d6 10.O-O Nbd7 11.Rd1 Qc7 12.a3 e5 13.Nf5 a5 14.Qd3 Ra6 15.axb4 axb4
16.Bd2 g6 17.Ne3 d5 18.Nxd5 Nxd5 19.exd5 Bd6 20.Bh6 Ke7 21.b3 Rc8 22.Rac1 Nc5
23.Qc4 Nxa4 24.Qh4+ Ke8 25.bxa4 Be7 26.Bg5 Bxg5 27.Qxg5 Qd6 28.Qh6 Rxa4 29.Qg7 Rc7
30.Qh8+ Kd7 31.Bh3+ f5 32.Qxh7+ Kd8 33.Qh8+ Ke7 34.Qh4+ Kf7 35.c4 Ra5 36.g4 fxg4
37.Bxg4 Kg7 38.Rd3 Ra8 39.Rh3 Qd8 40.Qh6+  1-0

[Event "2nd HD Bank Cup 2012"]
[Site "Ho Chi Minh City VIE"]
[Date "2012.03.03"]
[Round "3.32"]
[White "Bersamina,Paulo"]
[Black "Bao Khoa"]
[Result "1-0"]
[WhiteElo "2154"]
[BlackElo "2221"]

1.e4 c5 2.Nc3 a6 3.Nf3 e6 4.d4 cxd4 5.Nxd4 b5 6.g3 Bb7 7.Bg2 Qc7 8.O-O d6
9.Re1 Nf6 10.Bg5 Nbd7 11.a4 bxa4 12.Nd5 Qc5 13.Ra3 exd5 14.exd5+ Ne5 15.Rc3 Qb6
16.f4 Nd7 17.fxe5 dxe5 18.Rc6 Qa5 19.Ne6 Rc8 20.Kh1 Rg8 21.Rf1 h6 22.Bh4 a3
23.Nxg7+ Rxg7 24.Re6+ Be7 25.Rxe7+ Kf8 26.Rxd7 a2  1-0

[Event "TCh-BEL 2011-12"]
[Site "Belgium BEL"]
[Date "2012.03.04"]
[Round "9.2"]
[White "Vedder,H"]
[Black "Philippe,C"]
[Result "1/2-1/2"]
[WhiteElo "2374"]
[BlackElo "2413"]

1.e4 c5 2.Nf3 e6 3.Nc3 a6 4.d4 cxd4 5.Nxd4 Nc6 6.Be3 Nf6 7.Bd3 d5 8.exd5 exd5
9.Qe2 Be7 10.Nxc6 bxc6 11.Bc5 Be6 12.Bxe7 Qxe7 13.O-O a5 14.Na4 O-O 15.c3 c5
16.Rfe1 Qd6 17.h3 Rab8 18.Bc2 Rfe8 19.Qd2 Bd7 20.Rxe8+ Bxe8 21.Re1 g6 22.a3 Kg7
23.Rb1 Bxa4 24.Bxa4 Ne4 25.Qe3 f5 26.Bc2 d4 27.cxd4 cxd4 28.Qd3 h5 29.Qd1 Kh7
30.Bd3 Qf4 31.Qc2 Rb7 32.Rd1 Rc7 33.Qe2 Rc1 34.Rxc1 Qxc1+ 35.Kh2 Qf4+ 36.Kg1 h4
37.Qc2 a4 38.Kf1 Nd2+ 39.Kg1 Ne4 40.Kf1 Nd2+ 41.Kg1 Ne4  1/2-1/2

[Event "TCh-CZE Extraliga 2011-12"]
[Site "Czech Republic CZE"]
[Date "2012.03.04"]
[Round "8.1"]
[White "Zvara,P"]
[Black "Swiercz,D"]
[Result "0-1"]
[WhiteElo "2388"]
[BlackElo "2585"]

1.e4 c5 2.Nf3 e6 3.d4 cxd4 4.Nxd4 a6 5.Nc3 d6 6.Bd3 Nf6 7.O-O Be7 8.Qe2 Nbd7
9.Kh1 Nc5 10.f4 O-O 11.Bd2 Nfd7 12.e5 Nxd3 13.cxd3 Nc5 14.Be3 Bd7 15.b4 Na4
16.Ne4 Rc8 17.exd6 Bf6 18.Rac1 Nb6 19.Nc5 Nd5 20.Nxb7 Qb6 21.Nc5 Qxd6 22.Nc2 Nc3
23.Qd2 Nxa2 24.Ra1 Bc3 25.Qd1 Bxa1 26.Qxa1 Nxb4 27.Nxb4 Rxc5 28.Bxc5 Qxc5
29.Na2 Bb5 30.d4 Qd6  0-1

[Event "European Ind w 2012"]
[Site "Gaziantep TUR"]
[Date "2012.03.04"]
[Round "3"]
[White "Paikidze,N"]
[Black "Muzychuk,M"]
[Result "1/2-1/2"]
[WhiteElo "2406"]
[BlackElo "2490"]

1.e4 c5 2.Nf3 a6 3.Nc3 e6 4.d4 cxd4 5.Nxd4 Qc7 6.Bd3 Nf6 7.O-O Bc5 8.Nb3 Be7
9.f4 d6 10.e5 dxe5 11.fxe5 Nfd7 12.Qg4 g6 13.Bh6 Nc6 14.Qf4 f5 15.exf6 Qxf4
16.Rxf4 Nxf6 17.Raf1 Nd5 18.Nxd5 exd5 19.Re1 Bd7 20.c4 dxc4 21.Rxc4 Kd8 22.Be3 Be6
23.Rcc1 Bxb3 24.axb3 Bd6 25.Be4 Kc7 26.Rc4 Rhe8 27.Rec1 Kd7 28.Rd1 Kc7 29.Bd2 a5
30.Ra1 Bb4 31.Bxb4 axb4 32.Rac1 Re6 33.Rxb4 Rae8 34.Rcc4 Rd8 35.h3 Rd2 36.Rb5 Rxb2
37.b4 Rd6 38.Kh2 Rf6 39.Kg3 Rb3+ 40.Kh2 Rd6 41.h4 h6 42.Bf3 Rbd3 43.h5 gxh5
44.Rf4 R3d4 45.Rf7+ Rd7 46.Rf6 R7d6 47.Rf7+  1/2-1/2

[Event "European Ind w 2012"]
[Site "Gaziantep TUR"]
[Date "2012.03.04"]
[Round "3"]
[White "Repkova,E"]
[Black "Abdulla,K"]
[Result "1-0"]
[WhiteElo "2416"]
[BlackElo "2246"]

1.e4 c5 2.Nf3 e6 3.d4 cxd4 4.Nxd4 a6 5.Nc3 Qc7 6.Qf3 Nf6 7.Be2 Nc6 8.Nxc6 dxc6
9.Bg5 Be7 10.h4 e5 11.Qg3 Be6 12.Rd1 b5 13.Be3 b4 14.Na4 c5 15.Nxc5 Bxc5
16.Qxg7 Rg8 17.Qxf6 Bxe3 18.fxe3 Qxc2 19.Bh5 Qc4 20.Rf1 b3 21.axb3 Qb4+ 22.Rd2 Qe7
23.Qxe5 Rc8 24.Qf4 Rc1+ 25.Kf2 Qb4 26.Rd4 Qxb3 27.Rxc1 Qxb2+ 28.Be2 Qxc1
29.Qd6 Qc8 30.Bxa6 Qc2+ 31.Rd2 Rxg2+ 32.Kxg2 Qxe4+ 33.Kf2 Qxh4+ 34.Qg3 Qf6+
35.Qf4  1-0

[Event "2nd HD Bank Cup 2012"]
[Site "Ho Chi Minh City VIE"]
[Date "2012.03.04"]
[Round "4.22"]
[White "Sean,W"]
[Black "Ikeda,J"]
[Result "1-0"]
[WhiteElo "2036"]
[BlackElo "2373"]

1.e4 c5 2.Nf3 e6 3.d4 cxd4 4.Nxd4 a6 5.Nc3 Qc7 6.Bd3 Nf6 7.Qe2 d6 8.f4 Nbd7
9.Bd2 Nc5 10.a4 Nxd3+ 11.cxd3 Be7 12.Rc1 Qd8 13.a5 e5 14.Nf3 Bg4 15.Na4 Rc8
16.O-O Rxc1 17.Rxc1 exf4 18.Nb6 O-O 19.h3 Be6 20.Nd4 Qb8 21.Kh1 g5 22.Bb4 Qe8
23.e5 dxe5 24.Qxe5 Bxb4 25.Qxg5+ Kh8 26.Qxf6+ Kg8 27.Nd5 Bd6 28.Qg5+ Kh8
29.Nf6 Be7 30.Qh6 Bxf6 31.Qxf6+ Kg8 32.Rc5 h6 33.Qxh6 Bd5 34.Qg5+  1-0

[Event "TCh-LTU 2012"]
[Site "Lithuania LTU"]
[Date "2012.03.04"]
[Round "7"]
[White "Vasylius,K"]
[Black "Vanagas,T"]
[Result "1/2-1/2"]
[WhiteElo "2114"]
[BlackElo "2080"]

1.e4 c5 2.Nf3 e6 3.d4 cxd4 4.Nxd4 a6 5.Nc3 Qc7 6.Bd3 Nf6 7.O-O b5 8.Bg5 Be7
9.Kh1 Bb7 10.a3 Nc6 11.Nxc6 Bxc6 12.Qe2 h6 13.Bh4 e5 14.Bg3 d6 15.Na2 O-O
16.Rac1 Qb7 17.Rfe1 d5 18.f3 dxe4 19.fxe4 Nd7 20.c4 Rad8 21.cxb5 axb5 22.Bb1 Bg5
23.Rcd1 Nf6 24.Nc3 Bf4 25.Bxf4 exf4 26.Rxd8 Rxd8 27.Qf2 b4 28.axb4 Qxb4 29.h3 Re8
30.Qc2 Bxe4 31.Rxe4 Rxe4 32.Nxe4 Qe1+ 33.Kh2 Ng4+  1/2-1/2

[Event "2nd HD Bank Cup 2012"]
[Site "Ho Chi Minh City VIE"]
[Date "2012.03.06"]
[Round "7.11"]
[White "Nguyen Van Hai"]
[Black "Pham Le Thao Nguyen"]
[Result "1/2-1/2"]
[WhiteElo "2311"]
[BlackElo "2351"]

1.e4 c5 2.Nf3 e6 3.Nc3 a6 4.d4 cxd4 5.Nxd4 b5 6.Bd3 Qb6 7.Be3 Bc5 8.Nce2 Nf6
9.h3 Bb7 10.c3 b4 11.O-O Nc6 12.a3 bxc3 13.bxc3 O-O 14.Rb1 Qa7 15.Qb3 Ne5
16.Qxb7 Nxd3 17.Rfd1 Ne5 18.Qxa7 Bxa7 19.f3 Nc4 20.Bf2 Rfc8 21.a4 h6 22.Nc2 Bxf2+
23.Kxf2 d5 24.exd5 Nxd5 25.Nb4 Ndb6 26.a5 Nxa5 27.Ra1 Nbc4 28.Ra2 Rc5 29.Ng3 Rb5
30.Ne4 Ra7 31.Nd6 Nxd6 32.Rxd6 Rc7 33.Rxa6 Rxc3 34.R6xa5 Rxb4 35.Ra7 Rbc4
36.Kg3 g5 37.Rd2 Kg7 38.Rdd7 Rf4 39.h4 Rcc4 40.hxg5 hxg5 41.Rdb7 Kg6 42.Rd7 Rc3
43.Rd8 f6 44.Rd6 e5 45.Kh2 g4 46.fxg4 Rxg4 47.Ra2 Rh4+ 48.Kg1 Rc1+ 49.Kf2 Kg5
50.Rd3 Rf4+ 51.Kg3 f5 52.Ra8 Rg4+ 53.Kh2 Rc6 54.Rg8+ Rg6 55.Rxg6+ Kxg6 56.g3 Rd4
57.Ra3 Rd2+ 58.Kh3 e4 59.Ra6+ Kg5 60.Re6 Rf2 61.Re5 Kf6 62.Re8 Rb2 63.g4 Rb3+
64.Kh4 Rf3 65.gxf5 Kxf5 66.Rf8+ Ke5 67.Rxf3 exf3  1/2-1/2

[Event "83rd ch-GER 2012"]
[Site "Osterburg GER"]
[Date "2012.03.06"]
[Round "5"]
[White "Feuerstack,A"]
[Black "Wagner,De"]
[Result "0-1"]
[WhiteElo "2438"]
[BlackElo "2379"]

1.e4 c5 2.Nf3 e6 3.d4 cxd4 4.Nxd4 a6 5.Nc3 Qc7 6.Bd3 Nf6 7.f4 d6 8.Qf3 b5
9.g4 b4 10.Nce2 d5 11.e5 Ne4 12.Ng3 Nc5 13.Be3 Nbd7 14.O-O g6 15.h4 Be7 16.h5 Bb7
17.Rf2 g5 18.Re1 O-O-O 19.Bd2 Rde8 20.Qe3 gxf4 21.Qxf4 f6 22.exf6 Bd6 23.f7 Ref8
24.Rxe6 Nxe6 25.Nxe6 Bxf4 26.Bxf4 Qb6 27.Nxf8 Rxf8 28.Nf5 Nc5 29.Nd6+ Kd8
30.g5 Ne6 31.Nxb7+ Qxb7 32.g6 hxg6 33.hxg6 Nxf4 34.Rxf4 Qe7 35.Rg4 Qe6 36.Rg3 Qe5
37.Kg2 Qg7 38.Bxa6 Ke7 39.Bd3 Rh8 40.Re3+ Kf6 41.Rf3+ Ke5 42.Re3+ Kd4 43.Re8 Qf6
44.Rxh8 Qxh8 45.Kf3 Qf6+ 46.Kg4 Ke5 47.Kg3 Qf4+ 48.Kg2 Kd4 49.a4 b3 50.a5 Ke3
51.a6 Qf3+ 52.Kg1 Qg3+ 53.Kh1 Qh3+ 54.Kg1 Qg3+ 55.Kh1 Qf3+ 56.Kg1 bxc2 57.Bxc2 Qg3+
58.Kh1 Qh3+ 59.Kg1 Qg3+ 60.Kh1 Qf3+ 61.Kg1 d4 62.a7 Qg3+ 63.Kh1 Qh3+ 64.Kg1 Qg3+
65.Kh1 Qf3+ 66.Kg1 d3 67.Bxd3 Qg3+ 68.Kh1 Qh3+ 69.Kg1 Qg3+ 70.Kh1 Qf3+ 71.Kg1 Kxd3
72.g7 Qg4+ 73.Kh2 Qh5+ 74.Kg3 Qg6+ 75.Kh4 Qh7+ 76.Kg5 Qxg7+ 77.Kh4 Qh8+ 78.Kg5 Ke4
79.b4 Qg7+ 80.Kh4 Kf4  0-1

[Event "Reykjavik Open"]
[Site "Reykjavik ISL"]
[Date "2012.03.06"]
[Round "1.64"]
[White "Eriksen,M"]
[Black "Perez,Fl"]
[Result "1/2-1/2"]
[WhiteElo "2108"]
[BlackElo "2269"]

1.e4 c5 2.Nf3 e6 3.Nc3 a6 4.d4 cxd4 5.Nxd4 Qc7 6.Be2 Nc6 7.O-O Nf6 8.Be3 Bb4
9.Na4 Be7 10.Nxc6 dxc6 11.Nb6 Rb8 12.Nxc8 Qxc8 13.e5 Nd5 14.Bd4 c5 15.c4 cxd4
16.cxd5 Qc5 17.Bf3 Bg5 18.a3 O-O 19.Qd3 f6 20.exf6 Rxf6 21.Be4 Rbf8 22.Bxh7+ Kh8
23.dxe6 Rxe6 24.Be4 Qd6 25.g3 Re5 26.Kg2 Qd7 27.h4 Bh6 28.Qe2 Rc8 29.Rad1 g6  1/2-1/2

[Event "Reykjavik Open"]
[Site "Reykjavik ISL"]
[Date "2012.03.06"]
[Round "1.6"]
[White "Hou Yifan"]
[Black "Thorsteinsdottir,G"]
[Result "1-0"]
[WhiteElo "2639"]
[BlackElo "2085"]

1.e4 c5 2.Nc3 e6 3.Nf3 a6 4.d4 cxd4 5.Nxd4 Qc7 6.Bd3 Nc6 7.Nxc6 dxc6 8.f4 e5
9.Qf3 Nf6 10.f5 Bc5 11.a4 a5 12.Qg3 Rg8 13.Qh4 Bd7 14.Bc4 Qb6 15.Bb3 O-O-O
16.Bxf7 Rgf8 17.Bb3 Bd4 18.Bd2 Be3 19.O-O-O Bxd2+ 20.Rxd2 Qb4 21.Rf1 c5 22.Bd5 Bxa4
23.Qg3 Nxd5 24.Nxd5 Qb5 25.Rfd1  1-0

[Event "6th Agzamov Memorial"]
[Site "Tashkent UZB"]
[Date "2012.03.06"]
[Round "1"]
[White "Filippov,An UZB"]
[Black "Vladimirov,V UZB"]
[Result "1/2-1/2"]
[WhiteElo "2637"]
[BlackElo "2170"]

1.e4 c5 2.Nf3 e6 3.d4 cxd4 4.Nxd4 a6 5.Nc3 Qc7 6.Bd3 b5 7.O-O Bb7 8.Kh1 Nc6
9.Nxc6 Bxc6 10.Qe2 Nf6 11.a3 h5 12.f3 Bd6 13.g3 h4 14.g4 Bf4 15.Bxf4 Qxf4
16.Rad1 Rd8 17.Qd2 Qxd2 18.Rxd2 d5 19.Rfd1 Ke7 20.g5 Nh5 21.exd5 Bxd5 22.Kg2 Nf4+
23.Kf2 Nh3+ 24.Ke3 Nxg5 25.Rg1 Kf6 26.f4 Nh7 27.Bxh7 Rxh7 28.Rg5 Rhh8 29.Nxd5+ exd5
30.Rdxd5 Rxd5 31.Rxd5 Ke6 32.Re5+ Kd6 33.Kf3 f6 34.Re2 Rc8 35.Kg4 Rc4 36.Kf5 a5
37.c3 b4 38.axb4 axb4 39.Re6+ Kd7 40.Re3 bxc3 41.bxc3 Rc5+ 42.Kg6 Rc4 43.Rf3 Ke6
44.Re3+ Kd6 45.Rd3+ Ke6 46.Rf3 Rc7 47.Re3+ Kd6 48.f5 Rc5  1/2-1/2

[Event "Zagreb Open A"]
[Site "Zagreb CRO"]
[Date "2012.03.06"]
[Round "2.6"]
[White "Ivekovic,Bo2"]
[Black "Sulava,N"]
[Result "0-1"]
[WhiteElo "2211"]
[BlackElo "2497"]

1.e4 c5 2.Nf3 e6 3.d4 cxd4 4.Nxd4 a6 5.Nc3 b5 6.Bd3 Bb7 7.O-O Nc6 8.Be3 Nf6
9.Nxc6 Bxc6 10.e5 b4 11.Ne2 Nd5 12.Bd4 d6 13.c4 bxc3 14.Nxc3 dxe5 15.Bxe5 Nxc3
16.Bxc3 Qd5 17.Qf3 Qxf3 18.gxf3 Bxf3 19.Rfe1 Bd6 20.Re3 Bb7 21.Rd1 O-O-O
22.Bc2 Bc7 23.Red3 h5 24.Rxd8+ Bxd8 25.Rd4 Bc7 26.Rc4 Kb8 27.Rb4 Bd6 28.Rd4 Be5
29.Rd7 Bxc3 30.bxc3 Rc8 31.Bd1 Rxc3 32.f4 h4 33.Kf2 Rc7 34.Rd8+ Ka7 35.Rh8 Rc4
36.Rxh4 Rd4 37.Bb3 a5 38.Ke3 Re4+ 39.Kd3 a4 40.Bd1 g5 41.Rh5 Rxf4 42.Rxg5 f5
43.Ke3 Rc4 44.Rg7 Kb6 45.Rh7 e5 46.Rf7 f4+ 47.Kf2 Rd4 48.Ke1 Bd5 49.Rf5 Re4+
50.Kf2 Bxa2 51.Bxa4 Rxa4 52.Rxe5 Kc6 53.h4 Bd5 54.h5 Ra2+ 55.Kf1 Rh2 56.Rf5 f3
57.Kg1 Rg2+ 58.Kf1 Bc4+ 59.Ke1 Re2+  0-1

[Event "European Ind w 2012"]
[Site "Gaziantep TUR"]
[Date "2012.03.07"]
[Round "6"]
[White "Uta,Ad"]
[Black "Arig,B"]
[Result "0-1"]
[WhiteElo "2098"]
[BlackElo "1839"]

1.e4 c5 2.Nf3 e6 3.d4 cxd4 4.Nxd4 a6 5.Nc3 Qc7 6.Bd3 Nf6 7.O-O b5 8.a4 b4
9.Na2 Bb7 10.Qe2 Bd6 11.Kh1 h5 12.f4 Ng4 13.Bd2 Bc5 14.Nb3 Ba7 15.a5 Nc6
16.Nxb4 Nxb4 17.Bxb4 d5 18.e5 Ne3 19.Rf3 d4 20.Rg3 h4 21.Rxg7 h3 22.Kg1 hxg2
23.Be1 O-O-O 24.Bg3 Rdg8 25.Rxg8+ Rxg8 26.Nd2 Qd8 27.Ra4 Rxg3 28.Ne4 Bxe4
29.Bxa6+ Kd7 30.Bb5+ Ke7 31.Qe1 Nxc2 32.hxg3  0-1

[Event "2nd HD Bank Cup 2012"]
[Site "Ho Chi Minh City VIE"]
[Date "2012.03.07"]
[Round "9.19"]
[White "Chan Yi Ren,D"]
[Black "Ly,Mo"]
[Result "1-0"]
[WhiteElo "2342"]
[BlackElo "2402"]

1.e4 c5 2.Nf3 e6 3.d4 cxd4 4.Nxd4 a6 5.Nc3 Qc7 6.Be2 Bb4 7.O-O Nf6 8.Qd3 O-O
9.Bg5 Nc6 10.Nxc6 dxc6 11.f4 b5 12.e5 Nd5 13.Ne4 f5 14.exf6 h6 15.c3 Ba5
16.Bh5 hxg5 17.fxg5 gxf6 18.Nxf6+ Nxf6 19.gxf6 Qh7 20.Qg3+ Kh8 21.Rf3 e5
22.Qxe5 Bb6+ 23.Kh1 Bc7 24.Qe7 Bd7 25.Re1 Qxe7 26.Rxe7 Rad8 27.g4 c5 28.g5 Bc6
29.Rxc7 Bxf3+ 30.Bxf3 Rd2 31.Kg1 c4 32.h4  1-0

[Event "Reykjavik Open"]
[Site "Reykjavik ISL"]
[Date "2012.03.07"]
[Round "2.89"]
[White "Palsdottir,Soley Lind"]
[Black "Helin,M"]
[Result "0-1"]
[WhiteElo "1323"]
[BlackElo "1884"]

1.e4 c5 2.Nf3 e6 3.d4 cxd4 4.Nxd4 a6 5.Nc3 Qc7 6.Bd3 Nf6 7.O-O h5 8.f4 Bc5
9.Be3 Ng4 10.Qc1 g5 11.Nce2 e5 12.fxe5 Qxe5 13.g3 d5 14.Rf5 Bxf5 15.c3 dxe4
16.Bc4 f6 17.Kg2 h4 18.Qd2 hxg3 19.hxg3 Rh2+ 20.Kg1 Rh3 21.Kg2 Nc6 22.Rd1 O-O-O
23.b4 Bd6 24.Nxc6 Rxg3+ 25.Nxg3 Qxg3+ 26.Kf1 Nh2+ 27.Ke2 Bg4+  0-1

[Event "Reykjavik Open"]
[Site "Reykjavik ISL"]
[Date "2012.03.07"]
[Round "2.31"]
[White "Bergsson,St"]
[Black "Gunnarsson,J"]
[Result "0-1"]
[WhiteElo "2171"]
[BlackElo "2424"]

1.Nf3 c5 2.e4 e6 3.d4 cxd4 4.Nxd4 a6 5.Nc3 b5 6.Bd3 Bb7 7.a4 b4 8.Nce2 Nf6
9.Ng3 h5 10.Bg5 Be7 11.h4 Qb6 12.c3 Nc6 13.Nxc6 Bxc6 14.a5 Qc7 15.Qe2 bxc3
16.bxc3 Bd6 17.Bxf6 gxf6 18.Nxh5 Be5 19.O-O Bxc3 20.Rac1 Qe5 21.g4 Ke7 22.f4 Qxa5
23.Kh2 Qb4 24.Rb1 Qd6 25.Rbd1 Rab8 26.Kh3 Rb2 27.Qf3 Qb4 28.Rb1 a5 29.Rxb2 Qxb2
30.f5 Be5 31.Rf2 Qd4 32.fxe6 fxe6 33.Rf1 a4 34.Bc2 Qb2 35.g5 Qxc2 36.gxf6+ Kf7
37.Ng3 Qb3  0-1

[Event "European Ind w 2012"]
[Site "Gaziantep TUR"]
[Date "2012.03.09"]
[Round "7"]
[White "Zawadzka,J"]
[Black "Muzychuk,M"]
[Result "1-0"]
[WhiteElo "2358"]
[BlackElo "2490"]

1.e4 c5 2.Nf3 e6 3.d4 cxd4 4.Nxd4 a6 5.Nc3 Qc7 6.Bd3 Nf6 7.f4 Bb4 8.Bd2 d6
9.Qe2 Nbd7 10.O-O-O b5 11.g4 Nc5 12.Kb1 Bxc3 13.Bxc3 d5 14.Nb3 Nxd3 15.cxd3 Qxf4
16.Rdf1 Qxg4 17.Qe3 e5 18.Bxe5 Qh3 19.Qd4 Bg4 20.Bxf6 Be2 21.Re1 Qxd3+ 22.Ka1 gxf6
23.Qxf6 Rg8 24.exd5 Rc8 25.Qe5+ Kd7 26.Rxe2 Rge8 27.Nc5+  1-0

[Event "European Ind w 2012"]
[Site "Gaziantep TUR"]
[Date "2012.03.09"]
[Round "7"]
[White "Cemhan,K"]
[Black "Abdulla,K"]
[Result "0-1"]
[WhiteElo "1954"]
[BlackElo "2246"]

1.e4 c5 2.Nf3 e6 3.d4 cxd4 4.Nxd4 a6 5.Nc3 Qc7 6.Bd3 Nf6 7.O-O b5 8.a3 Bb7
9.Qe2 d6 10.f4 Nbd7 11.Be3 Be7 12.Rae1 O-O 13.Bf2 Rfe8 14.g4 e5 15.Nf5 exf4
16.g5 f3 17.Qxf3 Ne5 18.Qh3 Nfg4 19.Nd5 Bxd5 20.exd5 Nxd3 21.Nxe7+ Rxe7 22.Qxd3 Nxf2
23.Kxf2 Rae8 24.Qd2 Qc5+ 25.Kg3 Re3+ 26.Rxe3 Rxe3+ 27.Kg2 Re5 28.Rd1 Qc4
29.Re1 Rxe1 30.Qxe1 Qxd5+ 31.Kh3 Qe6+ 32.Qxe6 fxe6 33.Kg4 Kf7 34.Kf4 e5+
35.Ke4 Ke6 36.h4 d5+ 37.Ke3 Kf5 38.b3 Kg4  0-1

[Event "TCh-SVK Extraliga 2011-12"]
[Site "Slovakia SVK"]
[Date "2012.03.09"]
[Round "9.3"]
[White "Jurcik,Mart"]
[Black "Rigo,Z"]
[Result "0-1"]
[WhiteElo "2355"]
[BlackElo "2384"]

1.e4 c5 2.Nf3 e6 3.d4 cxd4 4.Nxd4 a6 5.Nc3 Qc7 6.g3 Bb4 7.Ne2 Nf6 8.Bg2 Be7
9.O-O Nc6 10.a4 b6 11.h3 Bb7 12.g4 g5 13.f4 h5 14.gxh5 Nxh5 15.fxg5 Bc5+
16.Kh1 Ne5 17.Qe1 Ng4 18.Nf4 O-O-O 19.Qh4 f5 20.gxf6 Nhxf6 21.Qe1 Nh5 22.Nce2 Rdf8
23.b4 Be3 24.Ra3 Nxf4 25.Nxf4 Rxf4 26.Rc3 Bc6  0-1